[Event "Ostravsky konik 2010 MCR Open"]
[Site "Ostrava"]
[Date "2010.05.01"]
[Round "1.36"]
[White "Sochorova, Petra"]
[Black "Nedela, Vlastimil"]
[Result "0-1"]
[WhiteElo "2140"]
[BlackElo "2347"]
[Annotator "www.nss.cz"]
[PlyCount "120"]
[EventDate "2010.05.09"]
[EventType "swiss"]
[EventCountry "CZE"]

1. f4 Nf6 2. Nf3 b6 3. g3 Bb7 4. Bg2 c5 5. O-O e6 6. d3 d5 7. Ne5 Nbd7 8. c4
Qc7 9. Nc3 d4 10. Nxd7 Qxd7 11. Bxb7 Qxb7 12. Qa4+ Kd8 13. Nd1 h5 14. e4 dxe3
15. Nxe3 h4 16. g4 h3 17. Qc2 Rh4 18. Qf2 Rh7 19. Bd2 Bd6 20. Bc3 Kc7 21. Be5
Qc6 22. Qf3 Rd8 23. Rad1 Qxf3 24. Rxf3 Rh4 25. Bxf6 gxf6 26. Kf2 Rg8 27. Kg3
Rh7 28. Kf2 Kc6 29. Rg1 Bc7 30. Nd1 Rhg7 31. Ne3 Rd8 32. Ke2 f5 33. g5 Rd4 34.
Rgf1 Rh7 35. Nc2 Rd8 36. b4 a6 37. Ke3 Kb7 38. bxc5 bxc5 39. Rb1+ Kc6 40. d4
Bb6 41. dxc5 Bxc5+ 42. Ke2 Rh4 43. Nb4+ Bxb4 44. Rxb4 Rd4 45. Ra4 Re4+ 46. Kf2
Rexf4 47. Rxa6+ Kb7 48. Rd6 Rxc4 49. Rd7+ Rc7 50. Rxc7+ Kxc7 51. Kg3 Rg4+ 52.
Kxh3 Rxg5 53. Rg3 f6 54. Kh4 f4 55. Rf3 e5 56. Rf2 Kb6 57. Kh3 Kc5 58. Rg2 f3
59. Rg3 e4 60. a4 Kd4 0-1

[Event "Ostravsky konik 2010 MCR Open"]
[Site "Ostrava"]
[Date "2010.05.01"]
[Round "1.37"]
[White "Rosko, Lubos"]
[Black "Kocur, Valter"]
[Result "1-0"]
[WhiteElo "2345"]
[BlackElo "2139"]
[Annotator "www.nss.cz"]
[PlyCount "81"]
[EventDate "2010.05.09"]
[EventType "swiss"]
[EventCountry "CZE"]

1. d4 Nf6 2. c4 g6 3. Nc3 d5 4. Nf3 Bg7 5. cxd5 Nxd5 6. e4 Nxc3 7. bxc3 O-O 8.
Be3 c5 9. Qd2 Bg4 10. Be2 cxd4 11. cxd4 Nc6 12. Rd1 Qa5 13. O-O Rac8 14. Qxa5
Nxa5 15. Rc1 b6 16. Ba6 Rxc1 17. Rxc1 Rd8 18. d5 f5 19. h3 fxe4 20. Ng5 h6 21.
Nxe4 Bf5 22. Nc3 g5 23. Nb5 Bd3 24. Rc7 Rxd5 25. a4 Be2 26. Nc3 Bxc3 27. Bxe2
Bd4 28. Bf3 Rc5 29. Rxe7 Bxe3 30. fxe3 Rc1+ 31. Kf2 Ra1 32. Bd5+ Kf8 33. Rf7+
Ke8 34. Rxa7 Kd8 35. Rh7 Rxa4 36. Rxh6 b5 37. Rg6 b4 38. Rxg5 b3 39. Bg8 Ra2+
40. Kf3 Ra1 41. Rb5 1-0

[Event "Ostravsky konik 2010 MCR Open"]
[Site "Ostrava"]
[Date "2010.05.01"]
[Round "1.38"]
[White "Bures, Martin"]
[Black "Kovar, Vojtech"]
[Result "0-1"]
[WhiteElo "2131"]
[BlackElo "2337"]
[Annotator "www.nss.cz"]
[PlyCount "104"]
[EventDate "2010.05.09"]
[EventType "swiss"]
[EventCountry "CZE"]

1. e4 e5 2. f4 exf4 3. d4 Qh4+ 4. Ke2 d5 5. exd5 Bd6 6. Nf3 Bg4 7. Kd2 Qh5 8.
c4 b6 9. Bd3 Ne7 10. h3 Bf5 11. Kc2 O-O 12. Nc3 c6 13. Ne5 Bxd3+ 14. Nxd3 Qf5
15. c5 bxc5 16. dxc5 Bxc5 17. Qg4 Be3 18. Qxf5 Nxf5 19. Nxf4 Na6 20. g4 Nb4+
21. Kb3 Rab8 22. gxf5 Bxc1 23. Raxc1 Nxd5+ 24. Kc2 Nxf4 25. Rcf1 Nh5 26. Rhg1
Nf6 27. Rd1 Rfd8 28. Rge1 Kf8 29. Rxd8+ Rxd8 30. Re5 Nd5 31. Nxd5 Rxd5 32. Rxd5
cxd5 33. Kd3 Ke7 34. Kd4 Kd6 35. b4 g5 36. fxg6 fxg6 37. a4 g5 38. b5 h5 39. a5
h4 40. a6 Kc7 41. Kxd5 g4 42. hxg4 h3 43. g5 h2 44. g6 h1=Q+ 45. Ke6 Qe4+ 46.
Kf7 Qf5+ 47. Kg7 Qxb5 48. Kg8 Qd5+ 49. Kg7 Kd7 50. Kf8 Ke6 51. Kg7 Qd7+ 52. Kf8
Kf6 0-1

[Event "Ostravsky konik 2010 MCR Open"]
[Site "Ostrava"]
[Date "2010.05.01"]
[Round "1.39"]
[White "Pisk, Petr"]
[Black "Weissmann, Lukas"]
[Result "1-0"]
[WhiteElo "2333"]
[BlackElo "2131"]
[Annotator "www.nss.cz"]
[PlyCount "57"]
[EventDate "2010.05.09"]
[EventType "swiss"]
[EventCountry "CZE"]

1. e4 c5 2. d4 cxd4 3. c3 Nf6 4. e5 Nd5 5. Nf3 e6 6. cxd4 b6 7. Nc3 Nxc3 8.
bxc3 Bb7 9. Bd3 Qc7 10. Bd2 d6 11. O-O Nd7 12. Ng5 dxe5 13. Qh5 g6 14. Qh3 Be7
15. Rae1 a6 16. f4 e4 17. Nxe4 O-O-O 18. Ng5 Bxg5 19. fxg5 Nb8 20. Bf4 Qd7 21.
Rb1 Nc6 22. Rxb6 e5 23. Rfb1 Qxh3 24. gxh3 exf4 25. Rxb7 Rd7 26. R7b6 Rc7 27.
Bxa6+ Kd7 28. Bb5 Kd6 29. c4 1-0

[Event "Ostravsky konik 2010 MCR Open"]
[Site "Ostrava"]
[Date "2010.05.01"]
[Round "1.40"]
[White "Folkova, Martina"]
[Black "Studnicka, Tomas"]
[Result "0-1"]
[WhiteElo "2128"]
[BlackElo "2332"]
[Annotator "www.nss.cz"]
[PlyCount "120"]
[EventDate "2010.05.09"]
[EventType "swiss"]
[EventCountry "CZE"]

1. e4 c5 2. Nf3 d6 3. d4 cxd4 4. Nxd4 Nf6 5. Nc3 g6 6. Be3 Bg7 7. f3 O-O 8. Qd2
Nc6 9. O-O-O d5 10. Qe1 e5 11. Nxc6 bxc6 12. exd5 Nxd5 13. Bc4 Be6 14. Ne4 Qc7
15. Bc5 Rfd8 16. g4 Nf4 17. Bxe6 Nxe6 18. Bd6 Qb6 19. g5 h6 20. Nf6+ Kh8 21.
Bxe5 Rxd1+ 22. Kxd1 Nxg5 23. Qc3 Ne6 24. Ng4 Rd8+ 25. Kc1 Nd4 26. Qe3 Nf5 27.
Bxg7+ Kxg7 28. Qe5+ Kg8 29. Nf6+ Kf8 30. Nd7+ Rxd7 31. Qh8+ Ke7 32. Re1+ Ne3
33. Qe5+ Kd8 34. Rxe3 Qb5 35. Qf6+ Kc8 36. b3 Qc5 37. Re8+ Kb7 38. Kb2 a5 39.
Re4 h5 40. h4 Qd5 41. Qc3 Kb6 42. Rc4 Re7 43. a3 Re2 44. b4 axb4 45. axb4 Re6
46. Rc5 Qd8 47. Ra5 Qf6 48. f4 Qxc3+ 49. Kxc3 Re4 50. f5 Rxh4 51. Re5 Rg4 52.
Re7 Rf4 53. fxg6 fxg6 54. Kb3 h4 55. c4 g5 56. c5+ Ka6 57. Rc7 h3 58. Rxc6+ Kb7
59. Rg6 h2 60. Rg7+ Kc8 0-1

[Event "Ostravsky konik 2010 MCR Open"]
[Site "Ostrava"]
[Date "2010.05.01"]
[Round "1.41"]
[White "Firt, Stanislav"]
[Black "Cizinsky, Petr"]
[Result "1-0"]
[WhiteElo "2331"]
[BlackElo "2124"]
[Annotator "www.nss.cz"]
[PlyCount "61"]
[EventDate "2010.05.09"]
[EventType "swiss"]
[EventCountry "CZE"]

1. e4 c5 2. Nc3 d6 3. Nf3 a6 4. g3 Nc6 5. Bg2 g6 6. d4 cxd4 7. Nxd4 Bg7 8. Nde2
Nf6 9. h3 O-O 10. O-O Rb8 11. a4 b5 12. axb5 axb5 13. Kh2 b4 14. Nd5 Nd7 15.
Ra2 Nc5 16. b3 e6 17. Ne3 Qe7 18. f4 Ba6 19. Bb2 Bxb2 20. Rxb2 Ra8 21. Qd2 Rfc8
22. f5 Nd7 23. Rf2 Nf6 24. Nd4 Nxd4 25. Qxd4 e5 26. Qxb4 Rab8 27. Qe1 Nh5 28.
Ng4 Qg5 29. Rf3 Bb7 30. c4 Ba8 31. Rbf2 1-0

[Event "Ostravsky konik 2010 MCR Open"]
[Site "Ostrava"]
[Date "2010.05.01"]
[Round "1.42"]
[White "Chlevistan, Jakub"]
[Black "Freisler, Pavel"]
[Result "0-1"]
[WhiteElo "2111"]
[BlackElo "2328"]
[Annotator "www.nss.cz"]
[PlyCount "82"]
[EventDate "2010.05.09"]
[EventType "swiss"]
[EventCountry "CZE"]

1. Nf3 Nf6 2. c4 e6 3. Nc3 Bb4 4. Qc2 b6 5. g3 Bb7 6. Bg2 O-O 7. O-O d5 8. cxd5
exd5 9. d4 Nbd7 10. Bf4 c6 11. a3 Bxc3 12. Qxc3 Re8 13. Qc2 Ne4 14. Ne5 Nxe5
15. Bxe5 Qd7 16. Rad1 f6 17. Bf4 Re7 18. f3 Nd6 19. e4 Rae8 20. e5 fxe5 21.
Bxe5 Nc4 22. f4 Ne3 23. Qf2 Nxd1 24. Rxd1 Ba6 25. b4 Bc4 26. Qf3 a5 27. Qh5
axb4 28. Bh3 Be2 29. Qh4 Qa7 30. Bf5 h6 31. Re1 bxa3 32. Rxe2 a2 33. Rxa2 Qxa2
34. Qh5 Rf8 35. Qg6 Rxf5 36. Qxf5 Qa8 37. Qg6 Qe8 38. Qd6 Qd7 39. Qb8+ Re8 40.
Qxb6 Ra8 41. Qb1 Qg4 0-1

[Event "Ostravsky konik 2010 MCR Open"]
[Site "Ostrava"]
[Date "2010.05.01"]
[Round "1.43"]
[White "Bures, Jaroslav"]
[Black "Taus, Martin"]
[Result "1-0"]
[WhiteElo "2327"]
[BlackElo "2099"]
[Annotator "www.nss.cz"]
[PlyCount "43"]
[EventDate "2010.05.09"]
[EventType "swiss"]
[EventCountry "CZE"]

1. e4 Nc6 2. d4 d5 3. e5 Bf5 4. c3 f6 5. f4 Nh6 6. Nf3 g6 7. Be2 Qd7 8. O-O
O-O-O 9. b4 Kb8 10. Nbd2 Rc8 11. Nb3 b6 12. Ba6 Rd8 13. b5 Na5 14. Nxa5 bxa5
15. Qa4 Qe6 16. Ba3 Bd3 17. Bc5 Bxf1 18. Rxf1 g5 19. Qxa5 Rd7 20. Bb7 a6 21.
bxa6 Bg7 22. Rb1 1-0

[Event "Ostravsky konik 2010 MCR Open"]
[Site "Ostrava"]
[Date "2010.05.01"]
[Round "1.44"]
[White "Vacek, Antonin"]
[Black "Turner, Jan"]
[Result "0-1"]
[WhiteElo "2092"]
[BlackElo "2324"]
[Annotator "www.nss.cz"]
[PlyCount "76"]
[EventDate "2010.05.09"]
[EventType "swiss"]
[EventCountry "CZE"]

1. d4 e6 2. Nf3 f5 3. g3 Nf6 4. Bg2 d6 5. O-O g6 6. c4 Bg7 7. Nc3 O-O 8. Qc2
Nc6 9. Rd1 Qe7 10. e3 h6 11. b3 e5 12. dxe5 dxe5 13. Nh4 Qf7 14. Ba3 Re8 15.
Bxc6 bxc6 16. Rd2 e4 17. Rad1 g5 18. Ng2 Ng4 19. Ne2 Qh5 20. h4 Ne5 21. Rd8
Nf3+ 22. Kf1 Be6 23. Rxa8 Rxa8 24. Bb2 Ne5 25. Bxe5 Bxe5 26. Nd4 Bd7 27. Qe2
Qf7 28. f4 exf3 29. Nxf3 Bf6 30. hxg5 hxg5 31. Kg1 Re8 32. Qd3 Re7 33. Rf1 Re4
34. Nd2 Rg4 35. e4 c5 36. Rf3 Bd4+ 37. Ne3 f4 38. Kg2 Bxe3 0-1

[Event "Ostravsky konik 2010 MCR Open"]
[Site "Ostrava"]
[Date "2010.05.01"]
[Round "1.45"]
[White "Olsar, Jaroslav"]
[Black "Valickova, Martina"]
[Result "1/2-1/2"]
[WhiteElo "2317"]
[BlackElo "2072"]
[Annotator "www.nss.cz"]
[PlyCount "74"]
[EventDate "2010.05.09"]
[EventType "swiss"]
[EventCountry "CZE"]

1. e4 e5 2. Nf3 Nc6 3. Bb5 a6 4. Ba4 Nf6 5. O-O Be7 6. Re1 b5 7. Bb3 d6 8. c3
O-O 9. d4 Bg4 10. Be3 exd4 11. cxd4 Na5 12. Bc2 Nc4 13. Bc1 c5 14. b3 Nb6 15.
Bb2 Rc8 16. Nbd2 cxd4 17. Bxd4 Nfd7 18. h3 Bh5 19. Rc1 Bf6 20. g4 Bg6 21. Nf1
Ne5 22. N1h2 Re8 23. Qd2 Nbd7 24. Rcd1 Nxf3+ 25. Nxf3 Ne5 26. Nh2 Bh4 27. Re2
Qf6 28. f4 Rxc2 29. Qxc2 Qxf4 30. Rf1 Qg3+ 31. Rg2 Qxh3 32. Bxe5 Qe3+ 33. Kh1
dxe5 34. Re2 Qb6 35. Kg2 h5 36. Nf3 Qe6 37. Nh2 hxg4 1/2-1/2

[Event "Ostravsky konik 2010 MCR Open"]
[Site "Ostrava"]
[Date "2010.05.01"]
[Round "1.47"]
[White "Kratochvil, Josef"]
[Black "Seidl, Stepan"]
[Result "0-1"]
[WhiteElo "2307"]
[BlackElo "2052"]
[Annotator "www.nss.cz"]
[PlyCount "52"]
[EventDate "2010.05.09"]
[EventType "swiss"]
[EventCountry "CZE"]

1. Nf3 Nf6 2. g3 g6 3. Bg2 Bg7 4. O-O O-O 5. c4 d6 6. Nc3 e5 7. d3 c6 8. h3
Nbd7 9. e4 Nc5 10. Be3 Ne6 11. Nh2 Nh5 12. Ng4 Qe8 13. Nh6+ Kh8 14. Bf3 Nhf4
15. gxf4 exf4 16. Ng4 fxe3 17. fxe3 f5 18. exf5 gxf5 19. Nf2 f4 20. Bh5 Qe7 21.
e4 f3 22. Bxf3 Qg5+ 23. Bg2 Nf4 24. Qf3 Nh5 25. Qd1 Bd4 26. Kh2 Qf4+ 0-1

[Event "Ostravsky konik 2010 MCR Open"]
[Site "Ostrava"]
[Date "2010.05.02"]
[Round "2.1"]
[White "Zpevak, Pavel"]
[Black "Navara, David"]
[Result "0-1"]
[WhiteElo "2401"]
[BlackElo "2718"]
[Annotator "www.nss.cz"]
[PlyCount "90"]
[EventDate "2010.05.09"]
[EventType "swiss"]
[EventCountry "CZE"]

1. d4 Nf6 2. Nf3 g6 3. Bf4 d6 4. h3 c5 5. c3 Qb6 6. Qb3 cxd4 7. cxd4 Qxb3 8.
axb3 Nc6 9. Nc3 Nb4 10. Ra4 Nbd5 11. Nxd5 Nxd5 12. Bd2 Bd7 13. Ra5 e6 14. e3
Bc6 15. Bd3 f5 16. Ke2 a6 17. Rc1 Kd7 18. b4 Nc7 19. g3 Bg7 20. h4 Bb5 21. Ng5
Rae8 22. Ra3 h6 23. Nh3 e5 24. dxe5 dxe5 25. Rac3 Rc8 26. Kd1 Bc6 27. Bc4 Ke7
28. Bb3 Nb5 29. Rc5 Nd6 30. Bc3 Ne4 31. Rxe5+ Bxe5 32. Bxe5 Rhd8+ 33. Bd4 Bb5
34. Bc2 Rc4 35. b3 Rxb4 36. Nf4 g5 37. Ng6+ Ke6 38. hxg5 hxg5 39. g4 Nxf2+ 40.
Ke1 Nxg4 41. Bc5 a5 42. Nf8+ Ke5 43. Nh7 Rc8 44. Bd1 Bd7 45. Nxg5 Kf6 0-1

[Event "Ostravsky konik 2010 MCR Open"]
[Site "Ostrava"]
[Date "2010.05.02"]
[Round "2.3"]
[White "Votava, Jan"]
[Black "Vyskocil, Neklan"]
[Result "1-0"]
[WhiteElo "2587"]
[BlackElo "2390"]
[Annotator "www.nss.cz"]
[PlyCount "109"]
[EventDate "2010.05.09"]
[EventType "swiss"]
[EventCountry "CZE"]

1. d4 Nf6 2. c4 e6 3. Nc3 Bb4 4. Qc2 O-O 5. a3 Bxc3+ 6. Qxc3 b6 7. Bg5 Ba6 8.
Nf3 d6 9. e3 Nbd7 10. Bd3 c5 11. O-O cxd4 12. exd4 Rc8 13. Qb4 d5 14. b3 Qc7
15. Rac1 dxc4 16. bxc4 Bb7 17. Be3 Ne4 18. Be2 Rfd8 19. Rfd1 Nb8 20. Qb1 Qe7
21. a4 Qa3 22. Qc2 Na6 23. Rd3 Qe7 24. Qb3 Nb4 25. Rdd1 Nc6 26. Qb1 Na5 27. Bd3
Nf6 28. Ne5 h6 29. Qb2 Be4 30. Be2 Nd7 31. Nxd7 Qxd7 32. Qb4 Bc6 33. d5 Bb7 34.
dxe6 Qxe6 35. Rxd8+ Rxd8 36. c5 Nc6 37. Qc3 bxc5 38. Qxc5 Ne5 39. Qxa7 Qd5 40.
f3 Ra8 41. Rc5 Qb3 42. Rb5 Qc3 43. Qd4 Qe1+ 44. Bf1 Rxa4 45. Qxe5 Ra1 46. Qxa1
Qxa1 47. Rxb7 Qe1 48. Bf2 Qd1 49. Re7 Qc1 50. Re1 Qc3 51. Re3 Qc1 52. g3 Kh7
53. Kg2 Qd2 54. h4 g6 55. Re7 1-0

[Event "Ostravsky konik 2010 MCR Open"]
[Site "Ostrava"]
[Date "2010.05.02"]
[Round "2.4"]
[White "Nedela, Vlastimil"]
[Black "Babula, Vlastimil"]
[Result "0-1"]
[WhiteElo "2347"]
[BlackElo "2536"]
[Annotator "www.nss.cz"]
[PlyCount "73"]
[EventDate "2010.05.09"]
[EventType "swiss"]
[EventCountry "CZE"]

1. e4 c5 2. Nf3 e6 3. b3 Nf6 4. e5 Nd5 5. c4 Nb4 6. a3 N4c6 7. Bb2 d6 8. exd6
Qxd6 9. Nc3 e5 10. b4 Nd7 11. Nd5 f6 12. Bd3 cxb4 13. Qb1 Nb6 14. O-O Be6 15.
Nxb6 axb6 16. Bxh7 Bxc4 17. Bg6+ Kd8 18. Re1 bxa3 19. Bc3 Kc7 20. Be4 Be7 21.
Qc2 Bd5 22. d4 exd4 23. Bxd4 Bxe4 24. Rxe4 Rh5 25. Be3 Qd7 26. Rd1 a2 27. Rxd7+
Kxd7 28. Qd1+ Kc8 29. Qa1 Rb5 30. Nd2 f5 31. Rxe7 Nxe7 32. Bd4 g6 33. g3 Nc6
34. Bf6 Rd5 35. Nc4 Kc7 36. Kg2 b5 37. Ne3 0-1

[Event "Ostravsky konik 2010 MCR Open"]
[Site "Ostrava"]
[Date "2010.05.02"]
[Round "2.5"]
[White "Polak, Tomas"]
[Black "Nun, Jiri"]
[Result "1-0"]
[WhiteElo "2525"]
[BlackElo "2361"]
[Annotator "www.nss.cz"]
[PlyCount "117"]
[EventDate "2010.05.09"]
[EventType "swiss"]
[EventCountry "CZE"]

1. d4 c5 2. d5 g6 3. c4 Bg7 4. Nc3 d6 5. e4 Nf6 6. Bd3 O-O 7. h3 e5 8. Nge2 a6
9. Bg5 Qc7 10. a4 Ne8 11. g4 f6 12. Be3 Rf7 13. a5 Nd7 14. Ng3 b6 15. axb6 Qxb6
16. Qd2 Rb8 17. Ra2 Qd8 18. h4 Rb4 19. h5 g5 20. Nf5 h6 21. Qe2 Nb8 22. Nd1
Bxf5 23. exf5 Rbb7 24. Bd2 Bf8 25. Nc3 Be7 26. Ne4 Qc8 27. Bc2 Nc7 28. O-O Na8
29. Rb1 Nb6 30. Bd3 N6d7 31. Kg2 Kg7 32. Qe1 Bf8 33. b3 Qd8 34. Rab2 Qc8 35.
Ba5 Qe8 36. b4 Qc8 37. bxc5 Nxc5 38. Nxc5 dxc5 39. Qc3 Bd6 40. Be4 Rxb2 41.
Qxb2 Rd7 42. Bc2 Qf8 43. Ba4 Rf7 44. Qb6 e4 45. Bc3 e3 46. Re1 Bc7 47. Qb2 Re7
48. fxe3 Re4 49. Kf3 Rxc4 50. Qb3 Rxc3 51. Qxc3 Qd6 52. Qc4 a5 53. Bb5 Qg3+ 54.
Ke2 Qg2+ 55. Kd3 Bd6 56. Rb1 Qg3 57. Ba4 Bf4 58. Rb7+ Kf8 59. Qxc5+ 1-0

[Event "Ostravsky konik 2010 MCR Open"]
[Site "Ostrava"]
[Date "2010.05.02"]
[Round "2.6"]
[White "Kovar, Vojtech"]
[Black "Simacek, Pavel"]
[Result "0-1"]
[WhiteElo "2337"]
[BlackElo "2518"]
[Annotator "www.nss.cz"]
[PlyCount "106"]
[EventDate "2010.05.09"]
[EventType "swiss"]
[EventCountry "CZE"]

1. e4 e5 2. Nf3 Nc6 3. Bb5 Nf6 4. O-O Nxe4 5. d4 a6 6. Ba4 b5 7. Bb3 d5 8. dxe5
Be6 9. Nbd2 Bc5 10. Nxe4 dxe4 11. Bxe6 Qxd1 12. Rxd1 fxe6 13. Ng5 O-O 14. Nxe4
Bb6 15. Kf1 Rf5 16. f3 Rxe5 17. Nf2 Rd5 18. Rxd5 exd5 19. a4 bxa4 20. Rxa4 Nd4
21. c3 Nb3 22. Bf4 a5 23. Be5 c5 24. Rg4 g6 25. h4 Re8 26. f4 Nd2+ 27. Ke2 Nc4
28. Nd3 a4 29. h5 Re6 30. hxg6 Rxg6 31. Rxg6+ hxg6 32. g4 Nxb2 33. f5 Nc4 34.
Bf4 gxf5 35. gxf5 Kf7 36. Bg5 a3 37. Nc1 Nd6 38. Na2 c4 39. f6 Ne4 40. Bc1 Bc5
41. Kd1 Nf2+ 42. Kc2 Nd3 43. Bg5 Kg6 44. Bc1 Kxf6 45. Bd2 Kf5 46. Bh6 Ke4 47.
Bg7 Kf3 48. Bf6 Ke2 49. Bh4 Bd6 50. Bg5 Ne1+ 51. Kb1 Kd1 52. Bh6 Nf3 53. Nc1
Nd2+ 0-1

[Event "Ostravsky konik 2010 MCR Open"]
[Site "Ostrava"]
[Date "2010.05.02"]
[Round "2.7"]
[White "Studnicka, Tomas"]
[Black "Bernasek, Jan"]
[Result "1-0"]
[WhiteElo "2332"]
[BlackElo "2495"]
[Annotator "www.nss.cz"]
[PlyCount "87"]
[EventDate "2010.05.09"]
[EventType "swiss"]
[EventCountry "CZE"]

1. d4 f5 2. g3 Nf6 3. Bg2 e6 4. Nf3 d5 5. b3 Ne4 6. O-O Nd7 7. c4 c6 8. Qd3 a5
9. Bf4 g5 10. Bc1 Bg7 11. Bb2 O-O 12. Nfd2 b6 13. Nxe4 fxe4 14. Qe3 g4 15. f3
gxf3 16. exf3 exf3 17. Bxf3 Nf6 18. Nd2 Ra7 19. Rac1 a4 20. bxa4 Rxa4 21. Qb3
Ra5 22. cxd5 Rb5 23. Qa3 cxd5 24. Bc3 Ne4 25. Nxe4 dxe4 26. Bxe4 Qg5 27. Rce1
Rxf1+ 28. Kxf1 Rf5+ 29. Bxf5 Qxf5+ 30. Kg1 Qd3 31. Qb3 Bh6 32. Rxe6 Bxe6 33.
Qxe6+ Kg7 34. Qe5+ Kg6 35. d5 Bg5 36. Kg2 Qc2+ 37. Kh3 Qf5+ 38. Qxf5+ Kxf5 39.
Bb4 h5 40. Kg2 Ke4 41. d6 Ke3 42. h4 Bd8 43. d7 Ke4 44. Bd2 1-0

[Event "Ostravsky konik 2010 MCR Open"]
[Site "Ostrava"]
[Date "2010.05.02"]
[Round "2.8"]
[White "Kanovsky, David"]
[Black "Rosko, Lubos"]
[Result "1-0"]
[WhiteElo "2489"]
[BlackElo "2345"]
[Annotator "www.nss.cz"]
[PlyCount "101"]
[EventDate "2010.05.09"]
[EventType "swiss"]
[EventCountry "CZE"]

1. e4 c5 2. Nf3 d6 3. d4 cxd4 4. Nxd4 Nf6 5. Nc3 a6 6. Bg5 e6 7. f4 Be7 8. Qf3
Qc7 9. O-O-O Nbd7 10. Bd3 h6 11. Bh4 g5 12. fxg5 Ne5 13. Qe2 Nfg4 14. Nf3 Nxf3
15. Qxf3 hxg5 16. Bg3 Ne5 17. Bxe5 dxe5 18. Rdf1 Rh7 19. h4 gxh4 20. Qg4 Rh8
21. g3 Bd7 22. gxh4 O-O-O 23. Rxf7 Rdg8 24. Rg7 Rxg7 25. Qxg7 Rxh4 26. Rd1 Bc5
27. Kb1 Rf4 28. a3 Be8 29. Qh6 Qe7 30. Bc4 Rf6 31. Qg5 Bd6 32. Ka2 Kc7 33. Bxe6
Bc6 34. Bd5 Rf2 35. Qe3 Bc5 36. Qd3 Be8 37. Rh1 Kb8 38. Qc4 Bd4 39. Qb3 Rf8 40.
Rh6 Ka7 41. Ne2 Bf2 42. Re6 Qc7 43. Rh6 Bb5 44. Nc3 Be8 45. Nb1 Bd4 46. Nd2 Bb5
47. Nf3 Bb6 48. Ng5 Rc8 49. c4 Bc6 50. Bxc6 bxc6 51. Rh7 1-0

[Event "Ostravsky konik 2010 MCR Open"]
[Site "Ostrava"]
[Date "2010.05.02"]
[Round "2.9"]
[White "Freisler, Pavel"]
[Black "Rasik, Vitezslav"]
[Result "1/2-1/2"]
[WhiteElo "2328"]
[BlackElo "2480"]
[Annotator "www.nss.cz"]
[PlyCount "69"]
[EventDate "2010.05.09"]
[EventType "swiss"]
[EventCountry "CZE"]

1. Nf3 Nf6 2. d4 g6 3. Bg5 Bg7 4. Nbd2 O-O 5. e4 d5 6. exd5 Nxd5 7. c3 h6 8.
Be3 e5 9. Be2 Nc6 10. O-O exd4 11. Nxd4 Nxe3 12. fxe3 Qe7 13. Nc4 Ne5 14. Nxe5
Qxe5 15. Qd2 c5 16. Nf3 Qe7 17. Bc4 Be6 18. Bxe6 Qxe6 19. Rfe1 Rad8 20. Qe2
Rfe8 21. a3 Re7 22. Rad1 Rde8 23. Qb5 b6 24. a4 h5 25. a5 Bh6 26. e4 bxa5 27.
Qxa5 Qb6 28. Qxb6 axb6 29. Rd6 Rxe4 30. Rxe4 Rxe4 31. Rxb6 Re2 32. Kf1 Rc2 33.
Ne1 Rd2 34. Nf3 Rc2 35. Ne1 1/2-1/2

[Event "Ostravsky konik 2010 MCR Open"]
[Site "Ostrava"]
[Date "2010.05.02"]
[Round "2.11"]
[White "Krejci, Jan ml"]
[Black "Firt, Stanislav"]
[Result "1-0"]
[WhiteElo "2455"]
[BlackElo "2331"]
[Annotator "www.nss.cz"]
[PlyCount "65"]
[EventDate "2010.05.09"]
[EventType "swiss"]
[EventCountry "CZE"]

1. e4 c6 2. d4 d5 3. e5 Bf5 4. Nf3 e6 5. Be2 Nd7 6. O-O Ne7 7. Nh4 Bg6 8. Nd2
c5 9. c3 Nc6 10. Nxg6 hxg6 11. Nf3 Be7 12. Be3 cxd4 13. cxd4 Rc8 14. a3 a5 15.
Rc1 Qb6 16. Rc2 O-O 17. h4 Na7 18. Bd3 Rxc2 19. Qxc2 Rc8 20. Qe2 Qd8 21. g3 b5
22. Kg2 b4 23. axb4 axb4 24. Ng5 Nf8 25. Qg4 Nc6 26. Rh1 b3 27. h5 Bxg5 28.
Bxg5 Qb6 29. hxg6 fxg6 30. Bxg6 Nxe5 31. dxe5 Nxg6 32. Be3 Qc6 33. Rc1 1-0

[Event "Ostravsky konik 2010 MCR Open"]
[Site "Ostrava"]
[Date "2010.05.02"]
[Round "2.12"]
[White "Turner, Jan"]
[Black "Vokac, Marek"]
[Result "1/2-1/2"]
[WhiteElo "2324"]
[BlackElo "2454"]
[Annotator "www.nss.cz"]
[PlyCount "32"]
[EventDate "2010.05.09"]
[EventType "swiss"]
[EventCountry "CZE"]

1. d4 Nf6 2. Nf3 e6 3. e3 c5 4. Bd3 Nc6 5. c3 d5 6. Nbd2 Be7 7. O-O Qc7 8. dxc5
Bxc5 9. e4 dxe4 10. Nxe4 Nxe4 11. Bxe4 Bd7 12. Ng5 Nd8 13. Nxh7 Bc6 14. Bxc6+
Nxc6 15. Qh5 O-O-O 16. Qxc5 Rxh7 1/2-1/2

[Event "Ostravsky konik 2010 MCR Open"]
[Site "Ostrava"]
[Date "2010.05.02"]
[Round "2.13"]
[White "Volosin, Leonid"]
[Black "Bures, Jaroslav"]
[Result "1/2-1/2"]
[WhiteElo "2452"]
[BlackElo "2327"]
[Annotator "www.nss.cz"]
[PlyCount "156"]
[EventDate "2010.05.09"]
[EventType "swiss"]
[EventCountry "CZE"]

1. Nf3 Nf6 2. c4 c6 3. d4 d5 4. e3 Bf5 5. Nc3 e6 6. Nh4 Bg6 7. Qb3 Qc7 8. Nxg6
hxg6 9. g3 Nbd7 10. Bd2 Qb6 11. Rc1 Be7 12. Be2 g5 13. Kf1 g6 14. Kg2 Kf8 15.
c5 Qxb3 16. axb3 e5 17. b4 a6 18. dxe5 Nxe5 19. f4 gxf4 20. exf4 Ned7 21. Rhe1
Ne8 22. Na4 f5 23. Bc3 Ndf6 24. Nb6 Rd8 25. Rcd1 Rh7 26. Bf3 Kf7 27. Be5 Ne4
28. Re2 Ke6 29. Bd4 N8f6 30. h4 Nd7 31. Na4 Rg8 32. Nc3 Ndf6 33. Re3 Bd8 34.
Ra1 Nh5 35. Ne2 Bc7 36. Rea3 Kd7 37. Be3 Re8 38. Bf2 Rhe7 39. Nd4 Nhf6 40. Rd1
Kc8 41. Bg1 Rh7 42. Be2 Nh5 43. Bh2 Rhh8 44. Bf3 Ng7 45. Bg1 Kd7 46. Ne2 Ne6
47. Nc1 Nxg3 48. Kxg3 Nxf4 49. Re3 Ne2+ 50. Kf2 Nxc1 51. Rxc1 Rxe3 52. Kxe3
Rxh4 53. Kd3 Be5 54. b3 Rxb4 55. Kc2 Rh4 56. Rf1 Rh3 57. Be3 Ke6 58. b4 Bf6 59.
Bd2 Rh2 60. Kd1 Rh3 61. Kc2 Rh2 62. Kd1 Bd4 63. Re1+ Kf7 64. Bg5 Bf6 65. Bd2
Rh3 66. Rf1 Be5 67. Kc2 Kf6 68. Be2 Ra3 69. Rh1 Kg7 70. Bh6+ Kg8 71. Bd2 Ra2+
72. Kd3 Bg7 73. Rg1 Kf7 74. Rh1 Ra3+ 75. Kc2 Rg3 76. Bd3 Rg2 77. Kd1 Kg8 78.
Re1 Kf7 1/2-1/2

[Event "Ostravsky konik 2010 MCR Open"]
[Site "Ostrava"]
[Date "2010.05.02"]
[Round "2.14"]
[White "Meduna, Eduard"]
[Black "Sikorova, Olga"]
[Result "1/2-1/2"]
[WhiteElo "2443"]
[BlackElo "2268"]
[Annotator "www.nss.cz"]
[PlyCount "143"]
[EventDate "2010.05.09"]
[EventType "swiss"]
[EventCountry "CZE"]

1. d4 Nf6 2. Nf3 g6 3. c4 Bg7 4. Nc3 d5 5. Bg5 Ne4 6. Bh4 Nxc3 7. bxc3 dxc4 8.
Qa4+ Qd7 9. Qxc4 b6 10. Qb3 Ba6 11. e3 Bxf1 12. Kxf1 O-O 13. Ke2 c5 14. Rhd1
cxd4 15. cxd4 Nc6 16. Rac1 Rac8 17. Qb5 Qb7 18. d5 Na5 19. e4 Bh6 20. Rxc8 Rxc8
21. Kf1 Qc7 22. e5 Bf4 23. Qe2 Nc4 24. Bg3 Bxg3 25. hxg3 b5 26. Kg1 Rd8 27. Qe4
Qc5 28. Ng5 Kg7 29. Qf4 Rf8 30. Qxf7+ Rxf7 31. Ne6+ Kg8 32. Nxc5 Nxe5 33. Rb1
Rf8 34. Rxb5 Rc8 35. f3 Nc4 36. Ne6 Nb6 37. Ra5 Rc1+ 38. Kh2 Rc2 39. g4 h6 40.
g5 hxg5 41. Nxg5 Rc7 42. Ne4 Rd7 43. d6 Kf7 44. Nc5 Rxd6 45. Rxa7 Rd2 46. Ne4
Re2 47. Kh3 Nd5 48. g3 Re3 49. Ra5 Nf6 50. Ng5+ Kg7 51. g4 Nh7 52. Nxh7 Kxh7
53. Kg3 Kg7 54. Kf2 Rc3 55. Re5 Kf6 56. Re3 Rc2+ 57. Re2 Rc3 58. a4 Ra3 59. Re4
Ra2+ 60. Ke3 Ra3+ 61. Ke2 Kg5 62. Rb4 Kh4 63. Kf2 Ra2+ 64. Ke3 Kg3 65. Ke4 Ra3
66. Rd4 Ra2 67. g5 Rf2 68. a5 Ra2 69. Rd5 Re2+ 70. Kd4 Kxf3 71. Re5 Ra2 72. Re6
1/2-1/2